Применение методов глубокого обучения для создания анимации лица на основе речи; Молодежь и современные информационные технологии

Podrobná bibliografie
Parent link:Молодежь и современные информационные технологии.— 2021.— [С. 241-242]
Hlavní autor: Спицын В. Г. Владимир Григорьевич
Korporativní autor: Национальный исследовательский Томский политехнический университет Инженерная школа информационных технологий и робототехники Отделение информационных технологий
Další autoři: Коровкин В. А. Виталий Александрович
Shrnutí:Заглавие с титульного экрана
Jazyk:ruština
Vydáno: 2021
Edice:Дизайн и компьютерная графика
Témata:
On-line přístup:http://earchive.tpu.ru/handle/11683/68063
Médium: Elektronický zdroj Kapitola
KOHA link:https://koha.lib.tpu.ru/cgi-bin/koha/opac-detail.pl?biblionumber=633199

MARC

LEADER 00000naa2a2200000 4500
001 633199
005 20240209102655.0
035 |a (RuTPU)RU\TPU\conf\34947 
035 |a RU\TPU\conf\34945 
090 |a 633199 
100 |a 20210706d2021 k y0rusy50 ca 
101 0 |a rus 
102 |a RU 
105 |a y z 101zy 
135 |a drcn ---uucaa 
181 0 |a i  
182 0 |a b 
200 1 |a Применение методов глубокого обучения для создания анимации лица на основе речи  |f В. Г. Спицын, В. А. Коровкин 
203 |a Текст  |c электронный 
225 1 |a Дизайн и компьютерная графика 
300 |a Заглавие с титульного экрана 
320 |a [Библиогр.: с. 242 (5 назв.)] 
463 0 |0 (RuTPU)RU\TPU\conf\34857  |t Молодежь и современные информационные технологии  |o сборник трудов XVIII Международной научно-практической конференции студентов, аспирантов и молодых учёных, 22-26 марта 2021 г., г. Томск  |f Национальный исследовательский Томский политехнический университет, Инженерная школа информационных технологий и робототехники ; под ред. Н. Г. Маркова [и др.]  |v [С. 241-242]  |d 2021 
610 1 |a электронный ресурс 
610 1 |a труды учёных ТПУ 
610 1 |a глубокое обучение 
610 1 |a анимация 
610 1 |a лица 
610 1 |a мимика 
610 1 |a машинное обучение 
610 1 |a сверточные нейронные сети 
610 1 |a речь 
700 1 |a Спицын  |b В. Г.  |c специалист в области информатики и вычислительной техники  |c профессор Томского политехнического университета, доктор технических наук  |f 1948-  |g Владимир Григорьевич  |3 (RuTPU)RU\TPU\pers\22707  |9 9740 
701 1 |a Коровкин  |b В. А.  |c специалист в области информатики и вычислительной техники  |c программист Томского политехнического университета  |f 1990-  |g Виталий Александрович  |3 (RuTPU)RU\TPU\pers\31655 
712 0 2 |a Национальный исследовательский Томский политехнический университет  |b Инженерная школа информационных технологий и робототехники  |b Отделение информационных технологий  |3 (RuTPU)RU\TPU\col\23515 
801 2 |a RU  |b 63413507  |c 20210809  |g RCR 
856 4 |u http://earchive.tpu.ru/handle/11683/68063 
942 |c BK